Online Catalogue and eLibrary

Satutin devi gewana maga ha sith thawulen midena maga (Record no. 5045)

MARC details
000 -LEADER
fixed length control field 00458nam a2200157Ia 4500
005 - DATE AND TIME OF LATEST TRANSACTION
control field 20250509034100.0
008 - FIXED-LENGTH DATA ELEMENTS--GENERAL INFORMATION
fixed length control field 240331s9999 xx 000 0 und d
020 ## - INTERNATIONAL STANDARD BOOK NUMBER
ISBN 9559008277
082 ## - DDC Classification
Item Number - Author Mark ATU
Class No. 891
100 ## - MAIN ENTRY--PERSONAL NAME
Personal name Athukorala,D
245 #0 - TITLE STATEMENT
Title Satutin devi gewana maga ha sith thawulen midena maga
260 ## - PUBLICATION, DISTRIBUTION, ETC.
Place of publication, distribution, etc. Colombo
Name of publisher, distributor, etc. Sikasha mandhira publishers
Date of publication, distribution, etc. 2001
300 ## - PHYSICAL DESCRIPTION
Extent (e.g. Volumes, Pages etc.) 236 p .,
500 ## - GENERAL NOTE
General note Translation of How To stop worrying and start living
942 ## - Koha item type (Biblio)
Koha item type Books in Stacks (Lending)
Holdings
Lost status Damaged status Collection code Home library Current library Shelving location Date acquired Full call number Accession Number Item type
    Lending WERC Library WERC Library Social Science Cupboard 03/31/2024 150 ATU 5908 Books in Stacks (Lending)

© WERC Library